COMEDIES (Record no. 7580)
[ view plain ]
| 000 -LEADER | |
|---|---|
| fixed length control field | 00350nam a22001457a 4500 |
| 005 - DATE AND TIME OF LATEST TRANSACTION | |
| control field | 20250917151821.0 |
| 008 - FIXED-LENGTH DATA ELEMENTS--GENERAL INFORMATION | |
| fixed length control field | 250917b |||||||| |||| 00| 0 eng d |
| 050 ## - LIBRARY OF CONGRESS CALL NUMBER | |
| Classification number | PA3000 |
| Item number | SHA |
| 100 ## - MAIN ENTRY--PERSONAL NAME | |
| Personal name | SHAKESPEARE WILLIAM |
| 245 ## - TITLE STATEMENT | |
| Title | COMEDIES |
| 250 ## - EDITION STATEMENT | |
| Remainder of edition statement | VOL 2 |
| 260 ## - PUBLICATION, DISTRIBUTION, ETC. | |
| Place of publication, distribution, etc. | LONDON |
| Name of publisher, distributor, etc. | EVERYMAN PUBLISHERS |
| Date of publication, distribution, etc. | c1996 |
| 300 ## - PHYSICAL DESCRIPTION | |
| Extent | ccv, 756p |
| 942 ## - ADDED ENTRY ELEMENTS (KOHA) | |
| Source of classification or shelving scheme | Library of Congress Classification |
| Koha item type | Books |
| Suppress in OPAC | No |
| 999 ## - | |
| -- | 7580 |
| -- | 7580 |
| Withdrawn status | Lost status | Source of classification or shelving scheme | Damaged status | Not for loan | Collection | Home library | Current library | Shelving location | Date acquired | Total checkouts | Full call number | Barcode | Date last seen | Copy number | Price effective from | Koha item type |
|---|---|---|---|---|---|---|---|---|---|---|---|---|---|---|---|---|
| Library of Congress Classification | Non-fiction | Undergraduate Library (Christ Temple) | Undergraduate Library (Christ Temple) | General stacks | 09/17/2025 | PA3000 SHA | ULCT00004832 | 09/17/2025 | 1 | 09/17/2025 | Books |